• 首页
  • 本馆介绍
  • 公告通知
  • 最新文献
  • 馆藏检索
  • 电子资源
  • 读者导购
  • 参考咨询
  • 我的图书馆
  • 登录
  • 详细信息显示
  • 放入我的书架
  • 预约/预借图书
  • 作者相关作品
  • 分类相关作品
  • 丛书相关作品
  • 出版社相关作品

书目信息

  • 表格格式
  • 工作单格式
  • 卡片格式
题名:
真核基因
    
 
作者: 麦克莱恩 , Maclean , 格雷戈里 , Gregory , 弗拉维尔 , Flavell 主编 ;吴石君 , 朱作言 , 柯礼道 译
分册:  
出版信息: 北京   科学出版社  1987
页数: 394页
开本: 26cm
丛书名:
单 册:
中图分类: Q343 , Q75
科图分类:
主题词: 真核细胞-基因 , 基因-真核细胞 , 分子遗传学
电子资源:
ISBN:
000 01145nam0 2200397 45
001 0187010473
005 20040525093546.5
010    @dCNY5.90
091    @a13031.3678
100    @a19900808d1987 em y0chiy0121 ea
101 1  @achi@ceng
102    @aCN@b110000
105    @af z 000yy
106    @ar
200 10 @a真核基因@Azhen he ji yin@e结构、活性、调节@f(英)麦克莱恩(Maclean,N.)等主编@g朱作言等译
210    @a北京@c科学出版社@d1987
215    @a394页@c表@d26cm
300    @a书名原文: Eukaryotic genes
510 1  @aEukaryotic genes@zeng
606    @a真核细胞-基因
606    @a基因-真核细胞
606 0  @a分子遗传学
690    @aQ343@v3
690    @aQ75
701  1 @a麦克莱恩@Amai ke lai en@bN.@4主编
701 A1 @aMaclean@bN.@4主编
701  1 @a格雷戈里@Age lei ge li@bR.A.@4主编
701 A1 @aGregory@bR.A.@4主编
701  1 @a弗拉维尔@Afu la wei er@4主编
701 A1 @aFlavell@4主编
702  0 @a吴石君@Awu shi jun@4译
702  0 @a朱作言@Azhu zuo yan@4译
702  0 @a柯礼道@Ake li dao@4译
801  0 @aCN@b深圳图书馆@c20040525
801  2 @aCN@bNLC@c20040525
905    @f2@b206004-005@dQ75@e12
    
    真核基因:结构、活性、调节/(英)麦克莱恩(Maclean,N.)等主编/朱作言等译.-北京:科学出版社,1987
    394页:表;26cm
    书名原文: Eukaryotic genes
    
    ISBN :CNY5.90
    
●
相关链接 在E读中查询图书 在五车中查询图书 在当当中查询图书 在豆瓣中查询图书


正题名:真核基因     索取号:Q75/12         预约/预借

序号 登录号 条形码 馆藏地/架位号 状态 备注
1 0206004   000703386   第三借阅区/ [索取号:Q75/12] 在馆    
2 0206005   000703377   第三借阅区/ [索取号:Q75/12] 在馆    
3 0206006   202440706   第二样本阅览室/ [索取号:Q75/12] 在馆    
唐山师范学院图书馆 欢迎您!
大连网信软件有限公司© 版权所有